000 01302nam a2200289Ia 4500
003 OSt
005 20201008154029.0
008 191128s2017 ck a gr 000 0 spa d
020 _a9788416624492
040 _aCO-JMCR
_cCO-JMCR
041 0 _aspa
082 0 4 _a658.3 /
_bP259c
_223
100 1 _aParra, Juan Manuel,
_ecoordinador.
_911364
245 0 _a9 claves para una gestión humana estratégica /
_cJuan Manuel Parra y Charles Müller, coordinadores ; prólogo de Luis Fernando Jaramillo Carling.
250 _apriemra edición
260 _aBogotá :
_bEdiciones de la U,
_c2017
300 _a223 páginas :
_bilustraciones ;
_c24 cm.
500 _aIncluye referencias bibliográficas
505 0 _aGestión humana y su capacidad de adaptación al negocio -- ¡yo sí vengo del negocio! El rol estratégico de gestión humana -- Las competencias del director de gestión humana -- Consistencia y alineación de los sistemas de políticas de gestión humana
650 2 4 _aAdministración de personal
_91610
650 2 4 _aToma de decisiones
_9283
650 2 4 _aPlanificación estratégica
_9262
650 2 4 _aSelección de personal
_911365
700 1 _aMüller, Charles,
_ecoordinador
_911366
700 1 _aJaramillo Carling, Luis Fernando,
_eprologuista
_911367
942 _2ddc
_cBK
999 _c4083
_d4083